| 000 | 01465nam a2200325 a 4500 | ||
|---|---|---|---|
| 001 | |||
| 003 | DO-SdBNP | ||
| 005 | 20220202113231.0 | ||
| 008 | 180322s2015 dr 000 p spa d | ||
| 020 | _a9789945590340 | ||
| 040 |
_aBPMSU _bspa _cBPMSU |
||
| 082 |
_aRD864.5 _bB533e 2015 _222 |
||
| 100 | 1 | _aBerroa, Fernándo | |
| 245 | 1 | 3 |
_aEl poder de la técnica y otros ensayos / _cFernando Berroa, Ángel Palacio, Melania Pérez. |
| 260 |
_aSanto Domingo : _bFUNGLODE, _c2015. |
||
| 300 |
_a186 p. ; _c26 cm. |
||
| 490 | 0 |
_aPremios Funglode/GFDD; _aEnsayo. |
|
| 505 | 0 |
_gPrimer lugar : _tEl poder de la técnica. La estructura narrativa de la novela Sólo cenizas hallarás (bolero) / _rFernando Berroa -- _gSegundo lugar : _tLa filosofía, ¿qué es y para qué sirve? / _rÁngel P. Palacio T. -- _gTercer lugar : _tEl discurso, una herramienta de poder / _rMelania Pérez. |
|
| 586 | _a"Premio FUNGLODE de Ensayo Pedro Francisco Bonó 2014." | ||
| 590 | _aInventariado, 2021/VM | ||
| 650 | 4 | _aEnsayos dominicanos | |
| 650 | 4 | _aLiteratura dominicana | |
| 650 | 4 | _aCertámenes literarios | |
| 700 | 1 |
_aPalacio T., Ángel P. _tLa filosofía, ¿qué es y para qué sirve? |
|
| 700 | 1 |
_aPérez, Melania _tEl discurso, una herramienta de poder |
|
| 710 | 2 | _aFundación Global Democracía y Desarrollo (República Dominicana) | |
| 711 | 2 |
_aPremio FUNGLODE de Ensayo Pedro Francisco Bonó _d(2014 : _cSanto Domingo) |
|
| 910 | _aVMateo V. | ||
| 942 |
_2ddc _cBK |
||
| 999 |
_c13641 _d13641 |
||